Zur Geschichte Landsteins im 17. und 18. Jahrhundert

Titel: Zur Geschichte Landsteins im 17. und 18. Jahrhundert : Versunkene Gemeinsamkeiten an der Grenze
Verfasser:
In: Kontakte und Konflikte, (1993), Seite 231-240
alle Artikel anzeigen
Veröffentlicht: 1993
Format: Aufsatz
Sprache: Deutsch
Kein Bild verfügbar
X
alg: 39222271
001A    $01999:11-11-16 
001B    $01999:26-04-21 $t20:16:05.000 
001D    $01999:11-11-16 
001U    $0utf8 
001X    $00 
002@    $0Aox 
003@    $039222271X 
007A    $039222271X $aHEB 
007T    $0Herdc0042786m 
010@    $ager 
011@    $a1993 
021A    $aZur Geschichte Landsteins im 17. und 18. Jahrhundert $dVersunkene Gemeinsamkeiten an der Grenze 
028A    $aŘeřichová $dSylva 
031A    $h231-240 $j1993 
039B    $aIn $8--Aauc--. @Kontakte und Konflikte. - Horn {[u.a.] : Waldviertler Heimatbund, 1993. - 553 S.. - Ill., graph. Darst., Kt.. - ISBN 3-900708-10-X $x199300000000000769 $9027138232 
045F    $a307.094371 $eDDC23BSB 
045F/01 $a307.09 
045F/03 $g4371 

lok: 39222271 78

exp: 39222271 78 1 #EPN
201B/01 $026-11-17 $t01:02:19.000 
201U/01 $0utf8 
203@/01 $0788318977 
208@/01 $a11-11-16 $be 
209A/01 $a/ $f000 $x00 
220C/01 $aTitelaufnehmer: nk;an 
220C/01 $aHerkunft: HI Marburg 
244Z/01 $#Tschechien $#Tschechische Republik $#Tschechische Republik $#Tschechenland $#Tschechei Tschechien $#Česká Republika $#Czech Republic $#ČR $74303381-7 $8--Tg1--Tschechien $x01 $9086659812 
244Z/01 $2Trx $#Böhmen $#Bohemia $#Czechy $8--Trx--Čechy $x02 $9391188941 
244Z/01 $2Trx $#Landstein Neuhaus $#Landstein Burg $#Landštejn hrad; Landštýn $8--Trx--Landštejn$gJindřichův Hradec $x03 $9391184032 
244Z/01 $aGeschichte 1179-1789 $x04 
244Z/01 $2Trx $#asundusajalugu $#kolonizacija $#history of settlements $#településtörténet $#osadnictwo $#dejiny osídlenia $#dějiny osídlení $#osídlenie $#osídlení $8--Trx--Siedlungsgeschichte $x05 $9391357131 
244Z/01 $2Trx $#sõda, 30-aastane 1618- 1648 $#Trisdešimties metų karas 1618-1648 $#War, Thirty Years' 1618-1648 $#Harmincéves háború 1618-1648 $#wojna trzydziestoletnia 1618-1648 $#vojna tridsaťročná 1618-1648 $#válka třicetiletá 1618-1648 $8--Trx--Krieg, Dreißigjähriger$g1618-1648 $x06 $9391373382 
244Z/01 $2Trx $8--Trx--Einzelbeiträge $x07 $9391384570 
245Z/01 $a13.02 $x01 
245Z/01 $a09.02 $x02 
247C/01 $82080>Marburg/Lahn, Herder-Institut, Forschungsbibliothek, Bibliographieportal $9336309341
LEADER 00000caa a22000002c 4500
001 39222271X
003 DE-603
005 20210426201605.0
007 tu
008 161111s1993 xx |||| | u00||u|ger c
035 |a (DE-599)HEB39222271X 
040 |a DE-603  |b ger  |c DE-603  |d DE-603 
041 |a ger 
082 0 4 |8 1\u  |a 307.094371  |q DE-101  |2 23/BSB 
085 |8 1\u  |b 307.09 
085 |8 1\u  |z 2  |s 4371 
100 1 |a Řeřichová, Sylva 
245 0 0 |a Zur Geschichte Landsteins im 17. und 18. Jahrhundert  |b Versunkene Gemeinsamkeiten an der Grenze 
264 0 |c 1993 
773 0 8 |i In  |t Kontakte und Konflikte  |d Horn ˜[u.a.] œ: Waldviertler Heimatbund, 1993  |h 553 S., Ill., graph. Darst., Kt.  |z 390070810X  |g (1993), Seite 231-240  |w (DE-603)027138232 
924 0 |9 2080  |a (DE-603)788318977  |b DE-2080  |c HES  |d d  |g /